<?xml version="1.0" encoding="UTF-8"?>
<collection xmlns="http://www.loc.gov/MARC21/slim">
 <record>
  <leader>03433nam a2200421 a 4500</leader>
  <controlfield tag="001">4520902</controlfield>
  <controlfield tag="008">090510s2000    njua     b    001 0 eng d</controlfield>
  <datafield tag="010" ind1=" " ind2=" ">
   <subfield code="a">   99016963 </subfield>
  </datafield>
  <datafield tag="020" ind1=" " ind2=" ">
   <subfield code="a">8120318404</subfield>
  </datafield>
  <datafield tag="040" ind1=" " ind2=" ">
   <subfield code="a">DLC</subfield>
   <subfield code="c">DLC</subfield>
   <subfield code="d">DLC</subfield>
  </datafield>
  <datafield tag="082" ind1="0" ind2="0">
   <subfield code="a">621.3815/2</subfield>
   <subfield code="2">21</subfield>
  </datafield>
  <datafield tag="100" ind1="1" ind2=" ">
   <subfield code="a">Streetman, Ben G.</subfield>
  </datafield>
  <datafield tag="245" ind1="1" ind2="0">
   <subfield code="a">Solid state electronic devices /</subfield>
   <subfield code="c">Ben G. Streetman and Sanjay Banerjee.</subfield>
  </datafield>
  <datafield tag="250" ind1=" " ind2=" ">
   <subfield code="a">5th ed.</subfield>
  </datafield>
  <datafield tag="260" ind1=" " ind2=" ">
   <subfield code="a">Upper Saddle River, N.J. :</subfield>
   <subfield code="b">Prentice Hall,</subfield>
   <subfield code="c">c2000.</subfield>
  </datafield>
  <datafield tag="300" ind1=" " ind2=" ">
   <subfield code="a">xviii, 558 p. :</subfield>
   <subfield code="b">ill. ;</subfield>
   <subfield code="c">25 cm.</subfield>
  </datafield>
  <datafield tag="490" ind1=" " ind2="0">
   <subfield code="a">Prentice Hall series in solid state physical electronics</subfield>
  </datafield>
  <datafield tag="504" ind1=" " ind2=" ">
   <subfield code="a">Includes bibliographical references and index.</subfield>
  </datafield>
  <datafield tag="541" ind1="1" ind2=" ">
   <subfield code="e">00010739</subfield>
  </datafield>
  <datafield tag="650" ind1=" " ind2="0">
   <subfield code="a">Semiconductors.</subfield>
  </datafield>
  <datafield tag="700" ind1="1" ind2=" ">
   <subfield code="a">Banerjee, Sanjay.</subfield>
  </datafield>
  <datafield tag="852" ind1="4" ind2=" ">
   <subfield code="a">&lt;add library&gt;</subfield>
   <subfield code="j">&lt;shelf mark&gt;</subfield>
  </datafield>
  <datafield tag="942" ind1="0" ind2="0">
   <subfield code="0">7</subfield>
  </datafield>
  <datafield tag="999" ind1=" " ind2=" ">
   <subfield code="c">508</subfield>
   <subfield code="d">508</subfield>
  </datafield>
  <datafield tag="952" ind1=" " ind2=" ">
   <subfield code="0">0</subfield>
   <subfield code="1">0</subfield>
   <subfield code="2">ddc</subfield>
   <subfield code="4">0</subfield>
   <subfield code="6">621_381520000000000_STR_2001</subfield>
   <subfield code="7">0</subfield>
   <subfield code="9">458</subfield>
   <subfield code="a">BRACUL</subfield>
   <subfield code="b">BRACUL</subfield>
   <subfield code="c">GEN</subfield>
   <subfield code="d">2009-05-10</subfield>
   <subfield code="g">0.00</subfield>
   <subfield code="l">15</subfield>
   <subfield code="m">126</subfield>
   <subfield code="o">621.38152 STR</subfield>
   <subfield code="p">3010010739</subfield>
   <subfield code="r">2025-09-03</subfield>
   <subfield code="s">2024-10-22</subfield>
   <subfield code="t">1</subfield>
   <subfield code="w">2009-05-10</subfield>
   <subfield code="y">BK</subfield>
   <subfield code="x">No price found in the accession register.</subfield>
  </datafield>
  <datafield tag="952" ind1=" " ind2=" ">
   <subfield code="0">0</subfield>
   <subfield code="1">0</subfield>
   <subfield code="2">ddc</subfield>
   <subfield code="4">0</subfield>
   <subfield code="6">621_381520000000000_STR_2001</subfield>
   <subfield code="7">0</subfield>
   <subfield code="9">7755</subfield>
   <subfield code="a">BRACUL</subfield>
   <subfield code="b">BRACUL</subfield>
   <subfield code="c">GEN</subfield>
   <subfield code="d">2010-02-03</subfield>
   <subfield code="l">23</subfield>
   <subfield code="m">200</subfield>
   <subfield code="o">621.38152 STR</subfield>
   <subfield code="p">3010015014</subfield>
   <subfield code="r">2025-02-06</subfield>
   <subfield code="s">2024-10-23</subfield>
   <subfield code="t">2</subfield>
   <subfield code="w">2010-02-03</subfield>
   <subfield code="y">BK</subfield>
  </datafield>
  <datafield tag="952" ind1=" " ind2=" ">
   <subfield code="0">0</subfield>
   <subfield code="1">0</subfield>
   <subfield code="2">ddc</subfield>
   <subfield code="4">0</subfield>
   <subfield code="6">621_381520000000000_STR_2001</subfield>
   <subfield code="7">0</subfield>
   <subfield code="9">8491</subfield>
   <subfield code="a">BRACUL</subfield>
   <subfield code="b">BRACUL</subfield>
   <subfield code="c">GEN</subfield>
   <subfield code="d">2010-03-08</subfield>
   <subfield code="l">20</subfield>
   <subfield code="m">190</subfield>
   <subfield code="o">621.38152 STR</subfield>
   <subfield code="p">3010015016</subfield>
   <subfield code="r">2026-05-18</subfield>
   <subfield code="s">2026-02-23</subfield>
   <subfield code="t">3</subfield>
   <subfield code="w">2010-03-08</subfield>
   <subfield code="y">BK</subfield>
  </datafield>
  <datafield tag="952" ind1=" " ind2=" ">
   <subfield code="0">0</subfield>
   <subfield code="1">0</subfield>
   <subfield code="2">ddc</subfield>
   <subfield code="4">0</subfield>
   <subfield code="6">621_381520000000000_STR_2001</subfield>
   <subfield code="7">0</subfield>
   <subfield code="9">10599</subfield>
   <subfield code="a">BRACUL</subfield>
   <subfield code="b">BRACUL</subfield>
   <subfield code="c">GEN</subfield>
   <subfield code="d">2010-05-31</subfield>
   <subfield code="l">8</subfield>
   <subfield code="m">104</subfield>
   <subfield code="o">621.38152 STR</subfield>
   <subfield code="p">3010010744</subfield>
   <subfield code="r">2024-05-14</subfield>
   <subfield code="s">2024-02-07</subfield>
   <subfield code="t">4</subfield>
   <subfield code="w">2010-05-31</subfield>
   <subfield code="y">BK</subfield>
  </datafield>
  <datafield tag="952" ind1=" " ind2=" ">
   <subfield code="0">0</subfield>
   <subfield code="1">0</subfield>
   <subfield code="2">ddc</subfield>
   <subfield code="4">0</subfield>
   <subfield code="6">621_381520000000000_STR_2001</subfield>
   <subfield code="7">0</subfield>
   <subfield code="9">10600</subfield>
   <subfield code="a">BRACUL</subfield>
   <subfield code="b">BRACUL</subfield>
   <subfield code="c">GEN</subfield>
   <subfield code="d">2010-05-31</subfield>
   <subfield code="l">12</subfield>
   <subfield code="m">72</subfield>
   <subfield code="o">621.38152 STR</subfield>
   <subfield code="p">3010010745</subfield>
   <subfield code="r">2025-09-22</subfield>
   <subfield code="s">2025-09-09</subfield>
   <subfield code="t">5</subfield>
   <subfield code="w">2010-05-31</subfield>
   <subfield code="y">BK</subfield>
  </datafield>
  <datafield tag="952" ind1=" " ind2=" ">
   <subfield code="0">0</subfield>
   <subfield code="1">0</subfield>
   <subfield code="2">ddc</subfield>
   <subfield code="4">0</subfield>
   <subfield code="6">621_381520000000000_STR_2001</subfield>
   <subfield code="7">0</subfield>
   <subfield code="9">10601</subfield>
   <subfield code="a">BRACUL</subfield>
   <subfield code="b">BRACUL</subfield>
   <subfield code="c">GEN</subfield>
   <subfield code="d">2010-05-31</subfield>
   <subfield code="l">10</subfield>
   <subfield code="m">94</subfield>
   <subfield code="o">621.38152 STR</subfield>
   <subfield code="p">3010010741</subfield>
   <subfield code="r">2024-11-12</subfield>
   <subfield code="s">2024-10-29</subfield>
   <subfield code="t">6</subfield>
   <subfield code="w">2010-05-31</subfield>
   <subfield code="y">BK</subfield>
  </datafield>
  <datafield tag="952" ind1=" " ind2=" ">
   <subfield code="0">0</subfield>
   <subfield code="1">0</subfield>
   <subfield code="2">ddc</subfield>
   <subfield code="4">0</subfield>
   <subfield code="6">621_381520000000000_STR_2001</subfield>
   <subfield code="7">0</subfield>
   <subfield code="9">10602</subfield>
   <subfield code="a">BRACUL</subfield>
   <subfield code="b">BRACUL</subfield>
   <subfield code="c">GEN</subfield>
   <subfield code="d">2010-05-31</subfield>
   <subfield code="l">10</subfield>
   <subfield code="m">86</subfield>
   <subfield code="o">621.38152 STR</subfield>
   <subfield code="p">3010010737</subfield>
   <subfield code="r">2024-05-16</subfield>
   <subfield code="s">2024-02-07</subfield>
   <subfield code="t">7</subfield>
   <subfield code="w">2010-05-31</subfield>
   <subfield code="y">BK</subfield>
  </datafield>
  <datafield tag="952" ind1=" " ind2=" ">
   <subfield code="0">0</subfield>
   <subfield code="1">0</subfield>
   <subfield code="2">ddc</subfield>
   <subfield code="4">0</subfield>
   <subfield code="6">621_381520000000000_STR_2001</subfield>
   <subfield code="7">0</subfield>
   <subfield code="9">10603</subfield>
   <subfield code="a">BRACUL</subfield>
   <subfield code="b">BRACUL</subfield>
   <subfield code="c">GEN</subfield>
   <subfield code="d">2010-05-31</subfield>
   <subfield code="l">8</subfield>
   <subfield code="m">106</subfield>
   <subfield code="o">621.38152 STR</subfield>
   <subfield code="p">3010010742</subfield>
   <subfield code="r">2024-05-14</subfield>
   <subfield code="s">2024-02-07</subfield>
   <subfield code="t">8</subfield>
   <subfield code="w">2010-05-31</subfield>
   <subfield code="y">BK</subfield>
  </datafield>
  <datafield tag="952" ind1=" " ind2=" ">
   <subfield code="0">0</subfield>
   <subfield code="1">0</subfield>
   <subfield code="2">ddc</subfield>
   <subfield code="4">0</subfield>
   <subfield code="6">621_381520000000000_STR_2001</subfield>
   <subfield code="7">0</subfield>
   <subfield code="9">10604</subfield>
   <subfield code="a">BRACUL</subfield>
   <subfield code="b">BRACUL</subfield>
   <subfield code="c">GEN</subfield>
   <subfield code="d">2010-05-31</subfield>
   <subfield code="l">16</subfield>
   <subfield code="m">121</subfield>
   <subfield code="o">621.38152 STR</subfield>
   <subfield code="p">3010010738</subfield>
   <subfield code="r">2025-06-22</subfield>
   <subfield code="s">2025-03-02</subfield>
   <subfield code="t">9</subfield>
   <subfield code="w">2010-05-31</subfield>
   <subfield code="y">BK</subfield>
  </datafield>
  <datafield tag="952" ind1=" " ind2=" ">
   <subfield code="0">0</subfield>
   <subfield code="1">3</subfield>
   <subfield code="2">ddc</subfield>
   <subfield code="4">0</subfield>
   <subfield code="6">621_381520000000000_STR</subfield>
   <subfield code="7">0</subfield>
   <subfield code="9">10605</subfield>
   <subfield code="a">BRACUL</subfield>
   <subfield code="b">BRACUL</subfield>
   <subfield code="c">GEN</subfield>
   <subfield code="d">2010-05-31</subfield>
   <subfield code="g">420.00</subfield>
   <subfield code="l">10</subfield>
   <subfield code="m">95</subfield>
   <subfield code="o">621.38152 STR</subfield>
   <subfield code="p">3010010736</subfield>
   <subfield code="r">2016-04-16</subfield>
   <subfield code="s">2015-11-16</subfield>
   <subfield code="t">10</subfield>
   <subfield code="v">840.00</subfield>
   <subfield code="w">2010-05-31</subfield>
   <subfield code="y">BK</subfield>
   <subfield code="x">Lost and cost paid BDT-840.00 (ID-14121074)</subfield>
  </datafield>
  <datafield tag="952" ind1=" " ind2=" ">
   <subfield code="0">0</subfield>
   <subfield code="1">0</subfield>
   <subfield code="2">ddc</subfield>
   <subfield code="4">0</subfield>
   <subfield code="6">621_381520000000000_STR_2001</subfield>
   <subfield code="7">0</subfield>
   <subfield code="9">10606</subfield>
   <subfield code="a">BRACUL</subfield>
   <subfield code="b">BRACUL</subfield>
   <subfield code="c">GEN</subfield>
   <subfield code="d">2010-05-31</subfield>
   <subfield code="l">9</subfield>
   <subfield code="m">68</subfield>
   <subfield code="o">621.38152 STR</subfield>
   <subfield code="p">3010010743</subfield>
   <subfield code="r">2025-02-20</subfield>
   <subfield code="s">2025-02-17</subfield>
   <subfield code="t">11</subfield>
   <subfield code="w">2010-05-31</subfield>
   <subfield code="y">BK</subfield>
  </datafield>
  <datafield tag="952" ind1=" " ind2=" ">
   <subfield code="0">0</subfield>
   <subfield code="1">0</subfield>
   <subfield code="2">ddc</subfield>
   <subfield code="4">0</subfield>
   <subfield code="6">621_381520000000000_STR_2005</subfield>
   <subfield code="7">0</subfield>
   <subfield code="9">10625</subfield>
   <subfield code="a">BRACUL</subfield>
   <subfield code="b">BRACUL</subfield>
   <subfield code="c">GEN</subfield>
   <subfield code="d">2010-06-02</subfield>
   <subfield code="l">22</subfield>
   <subfield code="m">251</subfield>
   <subfield code="o">621.38152 STR</subfield>
   <subfield code="p">3010015015</subfield>
   <subfield code="r">2024-06-02</subfield>
   <subfield code="s">2024-01-23</subfield>
   <subfield code="t">12</subfield>
   <subfield code="w">2010-06-02</subfield>
   <subfield code="y">BK</subfield>
  </datafield>
  <datafield tag="952" ind1=" " ind2=" ">
   <subfield code="0">0</subfield>
   <subfield code="1">0</subfield>
   <subfield code="2">ddc</subfield>
   <subfield code="4">0</subfield>
   <subfield code="6">621_381520000000000_STR_2001</subfield>
   <subfield code="7">0</subfield>
   <subfield code="9">10743</subfield>
   <subfield code="a">BRACUL</subfield>
   <subfield code="b">BRACUL</subfield>
   <subfield code="c">GEN</subfield>
   <subfield code="d">2010-06-08</subfield>
   <subfield code="l">10</subfield>
   <subfield code="m">129</subfield>
   <subfield code="o">621.38152 STR</subfield>
   <subfield code="p">3010010740</subfield>
   <subfield code="r">2024-06-03</subfield>
   <subfield code="s">2024-02-07</subfield>
   <subfield code="t">13</subfield>
   <subfield code="w">2010-06-08</subfield>
   <subfield code="y">BK</subfield>
  </datafield>
  <datafield tag="952" ind1=" " ind2=" ">
   <subfield code="0">0</subfield>
   <subfield code="1">0</subfield>
   <subfield code="2">ddc</subfield>
   <subfield code="4">0</subfield>
   <subfield code="6">621_381500000000000_2_STR_2005</subfield>
   <subfield code="7">0</subfield>
   <subfield code="9">10744</subfield>
   <subfield code="a">BRACUL</subfield>
   <subfield code="b">BRACUL</subfield>
   <subfield code="c">GEN</subfield>
   <subfield code="d">2010-06-08</subfield>
   <subfield code="g">420.00</subfield>
   <subfield code="l">16</subfield>
   <subfield code="m">194</subfield>
   <subfield code="o">621.38152 STR</subfield>
   <subfield code="p">3010015013</subfield>
   <subfield code="r">2025-02-10</subfield>
   <subfield code="s">2024-11-04</subfield>
   <subfield code="t">14</subfield>
   <subfield code="w">2010-06-08</subfield>
   <subfield code="y">BK</subfield>
  </datafield>
 </record>
</collection>
